| 000 | 00360nam a2200145Ia 4500 | ||
|---|---|---|---|
| 008 | 150301s2013 xx 000 0 und d | ||
| 082 |
_a617.96 _bD13P |
||
| 100 | _aPAUL, ARUN K. | ||
| 245 | _aDRUGS & EQUIPMENT IN ANAESTHETIC PRACTICE | ||
| 250 | _a6TH | ||
| 260 |
_bELSEVIER _aINDIA _c2013 |
||
| 300 | _a437 | ||
| 650 | _aANESTHESIOLOGY | ||
| 942 |
_2ddc _cBK _017 |
||
| 999 |
_c6704 _d6704 |
||